| 000 | 00000nas 2200000za 4500 |
| 001 | 9.503740 |
| 003 | CaOODSP |
| 005 | 20221107133317 |
| 007 | cr ||||||||||| |
| 008 | 150406d20092010oncar p o s f0 b0fre|d |
| 022 | |a1926-2493 |
| 040 | |aCaOODSP|bfre |
| 043 | |an-cn--- |
| 086 | 1 |aBT1-28/1F-PDF |
| 110 | 1 |aCanada. |bConseil du trésor. |
| 222 | 0|aL'équité en emploi dans la fonction publique du Canada |b(Canada. Conseil du trésor) |
| 245 | 12|aL'équité en emploi dans la fonction publique du Canada |h[ressource électronique] : |brapport annuel au Parlement. |
| 260 | |a[Ottawa] : |bSecrétariat du Conseil du Trésor du Canada, |cc2010-2011. |
| 310 | |aAnnuel |
| 362 | 0 |a2008/2009-2009/2010 |
| 500 | |aPubli. aussi en anglais sous le titre : Employment equity in the public service of Canada. |
| 530 | |aÉgalement publ. en version imprimée. |
| 691 | 07|aÉquité en matière d'emploi|2gcpds |
| 691 | 07|aFonction publique|2gcpds |
| 775 | 08|tEmployment equity in the public service of Canada |w(CaOODSP)9.507350 |
| 785 | 00|tL'équité en matière d'emploi dans la fonction publique du Canada |w(CaOODSP)9.503741 |